• 首页
  • 本馆介绍
  • 公告通知
  • 最新文献
  • 馆藏检索
  • 电子资源
  • 读者导购
  • 参考咨询
  • 我的图书馆
  • 登录
  • 详细信息显示
  • 放入我的书架
  • 预约/预借图书
  • 作者相关作品
  • 分类相关作品
  • 丛书相关作品
  • 出版社相关作品

书目信息

  • 表格格式
  • 工作单格式
  • 卡片格式
题名:
中小学素质教育研究文集
    
 
作者: 于春风 主编
分册:  
出版信息: 北京   国际文化出版社  1999
页数: 417页
开本: 20cm
丛书名:
单 册:
中图分类: F299.275.2 , C74
科图分类:
主题词: 城市经济-中国-地方 , 市政经济-中国-地方
电子资源:
ISBN: 7-80105-264-1
000 00801nam0 2200277 450
001 1554281336
005 20170927172810.32
010    @a7-80105-264-1@dCNY25.00
100    @a20130219d1999 em y0chiy0121 ea
101 0  @achi
102    @aCN@b110000
105    @ay z 000yy
200 1  @a中小学素质教育研究文集@Azhong xiao xue su zhi jiao yu yan jiu wen ji@9Jian Shi De Zu Ji@f于春风主编@Fyu chun feng zhu bian
210    @a北京@c国际文化出版社@d1999
215    @a417页@d20cm
310    @a韩广洁捐赠
310    @a郑剑捐赠
606 0  @a城市经济-中国-地方
606 0  @a市政经济-中国-地方
610 0  @a韩广洁捐赠
610 0  @a郑剑捐赠
690    @aF299.275.2@v5
690    @aC74@v4
701  0 @a于春风@Ayu chun feng@4主编
801  0 @aCN@bTSSF@c20150203
905    @aZUCC@dC74@eJY604
    
    中小学素质教育研究文集/于春风主编.-北京:国际文化出版社,1999
    417页;20cm
    
    
    ISBN 7-80105-264-1:CNY25.00
    
●
相关链接 在E读中查询图书 在五车中查询图书 在当当中查询图书 在豆瓣中查询图书


正题名:中小学素质教育研究文集     索取号:C74/JY604         预约/预借

序号 登录号 条形码 馆藏地/架位号 状态 备注
1 7865337   278653379   学院路分馆/ [索取号:C74/JY604] 在馆    
唐山师范学院图书馆 欢迎您!
大连网信软件有限公司© 版权所有